Arcipreste de Talavera o Corbacho / (Record no. 100011)

MARC details
000 -LEADER
campo de control de longitud fija 00763nam a2200229 i 4500
001 - NÚMERO DE CONTROL
campo de control 100011
003 - IDENTIFICADOR DE NÚMERO DE CONTROL
campo de control ES-MaACL
005 - FECHA Y HORA DE LA ÚLTIMA TRANSACCIÓN
campo de control 20251120063134.0
007 - CAMPO FIJO DE DESCRIPCIÓN FÍSICA--INFORMACIÓN GENERAL
campo de control de longitud fija t|
008 - DATOS DE LONGITUD FIJA--INFORMACIÓN GENERAL
campo de control de longitud fija 050921s1970 sp ||||1| spa d
080 ## - NÚMERO DE LA CLASIFICACIÓN DECIMAL UNIVERSAL
Número de la Clasificación Decimal Universal 860-7"14"
100 0# - ENTRADA PRINCIPAL--NOMBRE DE PERSONA
Nombre de persona Martínez de Toledo, Alfonso,
Títulos y otros términos asociados al nombre Arcipreste de Talavera
9 (RLIN) 78034
245 10 - MENCIÓN DEL TÍTULO
Título Arcipreste de Talavera o Corbacho /
Mención de responsabilidad, etc. Alfonso Martínez de Toledo ; introducción y notas de J. González Muela.
246 3# - FORMA VARIANTE DEL TITULO
Título propio/Titulo breve Corbacho
260 ## - PUBLICACIÓN, DISTRIBUCIÓN, ETC.
Lugar de publicación, distribución, etc. Madrid :
Nombre del editor, distribuidor, etc. Castalia,
Fecha de publicación, distribución, etc. 1970.
300 ## - DESCRIPCIÓN FÍSICA
Extensión 304 p., 3 lám. :
Otras características físicas il. ;
Dimensiones 18 cm.
490 1# - MENCIÓN DE SERIE
Mención de serie Clásicos Castalia ;
Designación de volumen o secuencia 24
700 1# - ENTRADA AGREGADA--NOMBRE PERSONAL
Nombre de persona González Muela, Joaquín.
9 (RLIN) 58829
830 1# - PUNTO DE ACCESO ADICIONAL DE SERIE-TÍTULO UNIFORME
Título uniforme Clásicos Castalia ;
Designación de volumen o secuencia 24
9 (RLIN) 178595
852 4# - LOCALIZACIÓN
Ubicación ES-MaACL
Número de control de estantería E-8488
Holdings
Estatus retirado Estado de pérdida Estado de daño No para préstamo Biblioteca de origen Biblioteca actual Ubicación en estantería Fecha de adquisición Fuente de adquisición Total de préstamos Signatura topográfica completa Código de barras Visto por última vez Precio de reemplazo Tipo de ítem Koha
        Biblioteca del Ateneo de Madrid Biblioteca del Ateneo de Madrid Depósito 2 17/01/2008     E-8488 1104425 23/02/2023 23/02/2023 Libro impreso